000
00370nam a22001577a 4500
003
MPLRDC
005
20220104143334.0
008
210129b ||||| |||| 00| 0 eng d
082
_a
411.12 LGZ
100
_a
刘贵珍
245
_a
实验气功疗法
_c
260
_a
_b
太平书局
_c
1961
300
_b
平
650
_a
呼吸法--气功
942
_c
BK
_o
411.12 LGZ
999
_c
38941
_d
38931